000
00454nam a2200145Ia 4500
008
100122s9999 xx 000 0 und d
082
_b
28569
_a
823
100
_a
केणेकर मुक्ता
245
_a
अंधाराची कावड
260
_b
दिलीप प्रकाशन
_c
1980
300
_a
145
630
_a
अंधाराची कावड
730
_a
अंधाराची कावड
942
_c
BOOK
999
_c
414182
_d
414179